OPD Restauro

Bibliographic Details
Format: Electronic Journal
Language:English
Published: Centro Di Della Edifimi SRL
Subjects:
Online Access:Full text available on JSTOR[1986-01-01 - 2018-01-01]
Off-campus access
LEADER 00958cas a2200217 a 4500
001 AALejournalJSTOR002006
008 230228c9999 xx r poo 0 0eng d
022 |a 1120-2513 
022 |a 2239-723X 
040 |a BD-DhAAL  |c BD-DhAAL 
245 0 0 |h [electronic resource]  |a OPD Restauro 
260 |b Centro Di Della Edifimi SRL 
300 |a 1 online resource 
362 0 |a no. 1 
500 |a <strong>Off-Campus Access:</strong> Athens ID and Password Required 
500 |a <strong>On-Campus Access:</strong> No User ID or Password Required 
506 |a Electronic access restricted to authorized BRAC University faculty, staff and students 
538 |a Mode of access: Internet 
650 4 |a Art & Art History ; Arts 
856 4 0 |z Full text available on JSTOR[1986-01-01 - 2018-01-01]  |u https://www.jstor.org/journal/opdrestauro 
856 4 0 |z Off-campus access  |u https://go.openathens.net/redirector/bracu.ac.bd?url=https%3A%2F%2Fwww.jstor.org%2Fjournal%2Fopdrestauro